=LDR 00000nam 2200000 4500 =001 INLIS000000000006252 =005 20251106085957 =035 ##$$a 0010-1125000126 =007 ta =008 251106###########################0#ind## =082 ##$$a 363.960 =084 ##$$a 363.960 BAD c =100 #$$a Badan Koordinasi Keluarga Berencana Nasional =245 1#$$a Cara Mengadakan Birth Spicing di Indonesia /$c Badan Koordinasi Keluarga Berencana Nasional =260 ##$$a Jakarta :$b Badan Koordinasi Keluarga Berencana Nasional,$c 1971 =300 ##$$a 5 Hal : $b Ilus ; $c 21 =650 #4$$a Keluarga Berencana =856 ##$$a Perpustakaan Kemendukbangga